| Tag |
First Indicator |
Second Indicator |
Subfields |
| LEADER |
00000cam a2200000 4500 |
| 001 |
in00000096806 |
| 005 |
20150925090421.0 |
| 008 |
781017s1947 nmua 00010 eng d |
| 010 |
|
|
|a gs 48000017
|
| 035 |
|
|
|a (OCoLC)04299617
|
| 035 |
|
|
|9 AAL2519AM
|
| 040 |
|
|
|a TXU
|c TXU
|d TXA
|d UtOrBLW
|
| 049 |
|
|
|a TXAM
|c [435335]
|
| 090 |
|
|
|a TN24.N6
|b A235 no. 17
|
| 100 |
1 |
|
|a Lamb, Noel Raymond.
|
| 245 |
1 |
0 |
|a Caprock Pool statistical report :
|b Chaves and Lea County, New Mexico /
|c compiled by N. Raymond Lamb and William B. Macey.
|
| 264 |
|
1 |
|a Socorro,
|b [publisher not identified] ;
|c 1947.
|
| 300 |
|
|
|a 14 unnumbered pages :
|b illustrations ;
|c 28 cm.
|
| 336 |
|
|
|a text
|b txt
|2 rdacontent
|
| 337 |
|
|
|a unmediated
|b n
|2 rdamedia
|
| 338 |
|
|
|a volume
|b nc
|2 rdacarrier
|
| 490 |
1 |
|
|a New Mexico. Bureau of Mines and Mineral Resources. Circular ;
|v 17
|
| 650 |
|
0 |
|a Petroleum
|z New Mexico
|z Chaves County.
|
| 650 |
|
0 |
|a Petroleum
|z New Mexico
|z Lea County.
|
| 700 |
1 |
|
|a Macey, William B.
|
| 830 |
|
0 |
|a Circular (New Mexico. Bureau of Mines and Mineral Resources) ;
|v 17.
|
| 999 |
|
|
|a MARS
|
| 999 |
f |
f |
|s 6bcdde58-6025-3411-a83b-f47d4a9854ca
|i 70560719-2b95-36f0-b282-60cecfe0229a
|t 0
|
| 952 |
f |
f |
|p ric
|a Texas A&M University
|b Rellis Campus
|c Joint Library Facility
|d Remote Storage
|t 0
|e TN24.N6 A235 no.17
|h Library of Congress classification
|i unmediated -- volume
|m A14805566634
|
| 998 |
f |
f |
|a TN24.N6 A235 no.17
|t 0
|l Remote Storage
|